Loading...
| Pop Culture | 0 | 2 | 0 | 0 | 20 | 70 | 72.50 | 0 | 0 | 13.43 | 6.67 |
| Geography | 0 | 1 | 0 | 0 | 10 | 118 | 118.00 | 0 | 0 | 0.17 | 13.33 |
| History - American | 0 | 1 | 0 | 0 | 10 | 81 | 81.00 | 0 | 0 | 2.36 | 3.33 |
| History - Other | 0 | 1 | 0 | 0 | 10 | 94 | 94.00 | 0 | 0 | 1.53 | 3.33 |
| Science - Other | 0 | 1 | 0 | 0 | 10 | 104 | 104.00 | 0 | 0 | 0.10 | 2.22 |
| Religion | 0 | 1 | 0 | 1 | 10 | 108 | 108.00 | 0 | 0 | 0.00 | 3.33 |
| Science - Biology | 0 | 1 | 0 | 0 | 10 | 72 | 72.00 | 0 | 0 | 2.65 | 3.33 |
| Fine Arts - Classical Music | 0 | 0 | 0 | 0 | 0 | 0.00 | 0 | 0 | 0.00 | 0.00 | |
| Science - Chemistry | 0 | 0 | 0 | 0 | 0 | 0.00 | 0 | 0 | 0.00 | 0.00 | |
| Philosophy | 0 | 0 | 1 | 0 | -5 | 0.00 | 0 | 0 | 0.00 | 0.00 |